000 00307nam a2200133Ia 4500
100 _aMicrosoft Corporation
942 _cBK
654 _aFox pro quick reference Ms dos
245 _aFox Pro Quick Reference-MS-Dos
260 _bMicrosoft
082 _a005.7565 'F P'
546 _aENGLISH
999 _c20821
_d20821